000 00594nam a2200181Ia 4500
003 GCL
008 140319s9999 xx 000 0 ara d
040 _aGCL /
_cGCL
082 0 4 _a001.6424
_bا ت
100 1 _aانيس حبلى
245 1 0 _aتصميم برامج الكمبيوتر: نحو برنامج افضل /
_cانيس حبلى
260 _a[S.N] :
_bدار الراتب الجامعية ،
_c1987
300 _a150 ص
490 _aموسوعة العقل الالكترونى
_v0
650 0 4 _aالحاسبات الالكترونية
650 0 4 _aباسيك
942 _2ddc
_cBK
999 _c38147
_d38147